| 000 | 00584nam a2200205Ia 4500 | ||
|---|---|---|---|
| 003 | OSt | ||
| 005 | 20260331154645.0 | ||
| 008 | 210210b1964 xxu||||| |||| 00| 0 eng d | ||
| 040 | _cAL | ||
| 041 | _ahin | ||
| 082 | _aH891.9 UPEH | ||
| 100 |
_aUPENDRANATH: _dउपेन्द्रनाथ _9196814 |
||
| 245 |
_aHindi kahaniyan aur Fashion _bहिंदी कहानियां और फैशन |
||
| 260 |
_aIlahabad _bNilab Prakashan _c1964 |
||
| 300 | _a129 | ||
| 650 |
_aHindi _9196815 |
||
| 690 |
_aHindi Criticism _9196818 |
||
| 906 | _a029396 | ||
| 942 |
_2ddc _cBK |
||
| 999 |
_c80617 _d80617 |
||